[Event "Noisiel op 5th"]
[Site "Noisiel"]
[Date "2020.02.19"]
[Round "7"]
[White "Deodhar, Vrushali Umesh"]
[Black "Bouton, Christophe"]
[Result "1-0"]
[WhiteElo "1880"]
[BlackElo "2001"]
[PlyCount "51"]
[EventDate "2020.02.15"]
[EventType "swiss"]
[EventRounds "9"]
[EventCountry "FRA"]
[SourceTitle "CBM 195 Extra"]
[Source "ChessBase"]
[SourceDate "2020.05.31"]
[SourceVersion "1"]
[SourceVersionDate "2020.05.31"]
[SourceQuality "1"]

1. c4 Nf6 2. Nc3 c5 3. Nf3 g6 4. d4 cxd4 5. Nxd4 Bg7 6. e4 d6 7. Be2 Nc6 8. Nc2 0-0 9. 0-0 Bd7 10. Ne3 Rc8 11. Rb1 a6 12. b3 Na7 13. Bb2 b5 14. Ncd5 Nxd5 15. Nxd5 Bxb2 16. Rxb2 Be6 17. Nf4 Bd7 18. Rd2 bxc4 19. Bxc4 Qa5 20. Nd5 Rfe8 21. e5 Rxc4 22. bxc4 Ba4 23. Qe1 dxe5 24. Rb2 Qxe1 25. Rxe1 Nc6 26. Nc3 1-0

[Event "Wch Seniors 50 28th"]
[Site "Bled"]
[Date "2018.11.28"]
[Round "10"]
[White "Vieira, Alexandre Letizio"]
[Black "Bouton, Christophe"]
[Result "1/2-1/2"]
[WhiteElo "1810"]
[BlackElo "1963"]
[PlyCount "37"]
[EventDate "2018.11.18"]
[EventType "swiss"]
[EventRounds "11"]
[EventCountry "SLO"]
[SourceTitle "CBM 187 Extra"]
[Source "ChessBase"]
[SourceDate "2018.11.04"]
[SourceVersion "1"]
[SourceVersionDate "2018.11.04"]
[SourceQuality "1"]

1. d4 Nf6 2. Nf3 g6 3. Bf4 Bg7 4. c3 d6 5. h3 0-0 6. Nbd2 Nbd7 7. e3 b6 8. Be2 Bb7 9. 0-0 c5 10. Re1 a6 11. a4 Ne4 12. Nxe4 Bxe4 13. Nd2 Bb7 14. Bf3 Qc7 15. Qb3 Rab8 16. Qa3 Bxf3 17. Nxf3 e5 18. dxe5 Nxe5 19. Nxe5 1/2-1/2

[Event "Wch Seniors 50 28th"]
[Site "Bled"]
[Date "2018.11.19"]
[Round "2"]
[White "Bouton, Christophe"]
[Black "Buciu, Aurel John"]
[Result "1/2-1/2"]
[WhiteElo "1963"]
[BlackElo "1687"]
[PlyCount "30"]
[EventDate "2018.11.18"]
[EventType "swiss"]
[EventRounds "11"]
[EventCountry "SLO"]
[SourceTitle "CBM 187 Extra"]
[Source "ChessBase"]
[SourceDate "2018.11.04"]
[SourceVersion "1"]
[SourceVersionDate "2018.11.04"]
[SourceQuality "1"]

1. d4 e6 2. c4 b6 3. Nf3 f5 4. g3 Bb7 5. Bg2 Be7 6. Nc3 Nf6 7. 0-0 Ne4 8. Bd2 0-0 9. Rc1 Nxc3 10. Bxc3 Be4 11. d5 Qe8 12. Ne5 Bxg2 13. Kxg2 Qh5 14. dxe6 dxe6 15. e3 Qh6 1/2-1/2

[Event "Quebec op"]
[Site "Quebec"]
[Date "2018.07.22"]
[Round "3"]
[White "Ouellet, Maili Jade"]
[Black "Bouton, Christophe"]
[Result "1-0"]
[WhiteElo "2197"]
[BlackElo "2016"]
[PlyCount "213"]
[EventDate "2018.07.21"]
[EventType "swiss"]
[EventRounds "9"]
[EventCountry "CAN"]
[SourceTitle "CBM 186 Extra"]
[Source "ChessBase"]
[SourceDate "2018.08.24"]
[SourceVersion "1"]
[SourceVersionDate "2018.08.24"]
[SourceQuality "1"]

1. d4 d5 2. c4 Nc6 3. Nc3 dxc4 4. d5 Ne5 5. f4 Ng6 6. e4 e6 7. Bxc4 c6 8. Qe2 Nf6 9. d6 Bxd6 10. e5 Bb4 11. exf6 Qxf6 12. Bd2 Nxf4 13. Qf2 Nd5 14. Qxf6 gxf6 15. Nge2 Rg8 16. 0-0 Bc5+ 17. Kh1 f5 18. Rf3 Nb6 19. Bd3 Bd7 20. Bf4 0-0-0 21. Be5 Be7 22. Rh3 c5 23. Bb5 f6 24. Rxh7 fxe5 25. Rxe7 Rg6 26. Bxd7+ Rxd7 27. Re8+ Rd8 28. Rxd8+ Kxd8 29. Rd1+ Ke7 30. b3 Rg8 31. a4 Rc8 32. a5 Nd7 33. Nb5 Ra8 34. Nec3 b6 35. a6 e4 36. Rd6 Nf6 37. Kg1 Ne8 38. Rd1 Nf6 39. h3 Ne8 40. Kf2 Nf6 41. Nc7 Rc8 42. N7b5 Ra8 43. Ke3 Nd7 44. Rd6 Rg8 45. Rd2 Nb8 46. Ra2 Nc6 47. Rd2 Nb4 48. Nxa7 Nxa6 49. Nc6+ Kf6 50. Kf4 Nb4 51. Ne5 Nd3+ 52. Nxd3 exd3 53. Ke3 b5 54. Kxd3 c4+ 55. Kc2 cxb3+ 56. Kxb3 Rg3 57. Re2 Rg8 58. Nxb5 Rc8 59. Nc3 Rd8 60. Kc2 Rd7 61. Rd2 Rg7 62. Kd1 Rg3 63. Rc2 Rd3+ 64. Ke2 Rd6 65. Kf2 Rb6 66. Ne2 Ra6 67. Rc8 Rb6 68. Rg8 Kf7 69. Rg5 Rb4 70. Kg3 Kf6 71. h4 Rb3+ 72. Kh2 Rb4 73. Kh3 Rb3+ 74. Rg3 Rb1 75. Rc3 Rb2 76. Nd4 Rd2 77. Nf3 Rd6 78. Ng5 Ra6 79. Re3 e5 80. Rb3 e4 81. Kg3 Ra1 82. Rb6+ Kg7 83. Re6 Rf1 84. Nxe4 fxe4 85. Rxe4 Ra1 86. Kf4 Rf1+ 87. Kg5 Rf7 88. g4 Ra7 89. Re5 Rb7 90. Ra5 Rc7 91. h5 Rc1 92. Ra7+ Kg8 93. h6 Rc2 94. Kg6 Rc6+ 95. Kh5 Rb6 96. g5 Rb5 97. Rg7+ Kh8 98. Rf7 Kg8 99. Re7 Ra5 100. Kg4 Rb5 101. g6 Rb4+ 102. Kf5 Rb5+ 103. Kf6 Rb6+ 104. Re6 Rb8 105. Rd6 Re8 106. Rd7 Ra8 107. Ke7 1-0

[Event "Canadian op"]
[Site "Quebec"]
[Date "2018.07.10"]
[Round "5"]
[White "Doknjas, Neil"]
[Black "Bouton, Christophe"]
[Result "1-0"]
[WhiteElo "1883"]
[BlackElo "2016"]
[PlyCount "99"]
[EventDate "2018.07.07"]
[EventType "swiss"]
[EventRounds "9"]
[EventCountry "CAN"]
[SourceTitle "EXT 2019"]
[Source "ChessBase"]
[SourceDate "2018.10.10"]
[SourceVersion "1"]
[SourceVersionDate "2018.10.10"]
[SourceQuality "1"]

1. e4 e6 2. d4 d5 3. Nc3 Bb4 4. exd5 exd5 5. Bd3 Nc6 6. a3 Bxc3+ 7. bxc3 Nge7 8. Qh5 Be6 9. Ne2 Qd7 10. h3 Bf5 11. 0-0 Bxd3 12. cxd3 Qf5 13. Qxf5 Nxf5 14. g4 Nfe7 15. Be3 0-0-0 16. Rfd1 h5 17. Kg2 hxg4 18. hxg4 Rh4 19. Kg3 Rdh8 20. Nf4 f5 21. f3 g6 22. Nh5 fxg4 23. Kxh4 Nf5+ 24. Kg5 Nxe3 25. Rd2 gxh5 26. Re2 Rg8+ 27. Kf4 Rf8+ 28. Kxe3 Rxf3+ 29. Kd2 h4 30. Rh2 h3 31. Rg1 Rf4 32. Ke3 Rf3+ 33. Ke2 Rf4 34. Rf2 Nxd4+ 35. cxd4 Rxd4 36. Ke3 Ra4 37. Ra2 c5 38. Rf2 Kc7 39. Rf7+ Kc6 40. Rf6+ Kb5 41. Rb1+ Rb4 42. axb4 cxb4 43. Rf4 a5 44. Rxg4 h2 45. Rh4 b6 46. Rxh2 a4 47. Kd4 a3 48. Kxd5 Ka4 49. Kc4 b5+ 50. Kc5 1-0

[Event "Montreal op"]
[Site "Montreal"]
[Date "2017.09.08"]
[Round "1"]
[White "Bouton, Christophe"]
[Black "Rodrigue Lemieux, Shawn"]
[Result "0-1"]
[WhiteElo "2007"]
[BlackElo "2089"]
[PlyCount "68"]
[EventDate "2017.09.08"]
[EventType "swiss"]
[EventRounds "5"]
[EventCountry "CAN"]
[SourceTitle "CBM 180 Extra"]
[Source "ChessBase"]
[SourceDate "2017.10.06"]
[SourceVersion "1"]
[SourceVersionDate "2017.10.06"]
[SourceQuality "1"]

1. c4 e6 2. g3 Nf6 3. Bg2 Be7 4. Nf3 0-0 5. 0-0 d5 6. d4 dxc4 7. Na3 Bxa3 8. bxa3 Nbd7 9. a4 a5 10. Ba3 Re8 11. Rc1 Nb6 12. Bc5 Nfd7 13. Nd2 c3 14. Ne4 Nd5 15. Nxc3 Nxc3 16. Rxc3 Nf6 17. Rb3 Nd5 18. e4 Nf6 19. d5 exd5 20. exd5 Ne4 21. Be3 Nd6 22. Rc3 Bf5 23. Qc1 Rc8 24. Bf4 Qd7 25. Rc5 Re2 26. Re1 Rxe1+ 27. Qxe1 Qxa4 28. Bxd6 cxd6 29. Rxc8+ Bxc8 30. h3 h6 31. Qc1 Bf5 32. Qc7 Qb4 33. a3 Qe1+ 34. Kh2 Qxf2 0-1

[Event "Small Paris-ch"]
[Site "Paris"]
[Date "2015.07.11"]
[Round "6"]
[White "Vlachos, Anatole"]
[Black "Bouton, Christophe"]
[Result "1-0"]
[WhiteElo "2028"]
[BlackElo "2063"]
[PlyCount "87"]
[EventDate "2015.07.06"]
[EventType "swiss"]
[EventRounds "7"]
[EventCountry "FRA"]
[SourceTitle "EXT 2016"]
[Source "ChessBase"]
[SourceDate "2015.10.08"]
[SourceVersion "1"]
[SourceVersionDate "2015.10.08"]
[SourceQuality "1"]

1. e4 Nc6 2. d4 e5 3. d5 Nce7 4. c4 Nf6 5. Nc3 Ng6 6. Be3 d6 7. h3 h5 8. g3 Be7 9. Nge2 h4 10. g4 Nh7 11. Bg2 Bg5 12. Qd2 a6 13. 0-0 0-0 14. b4 Bd7 15. Rfc1 Bxe3 16. Qxe3 Qg5 17. Qxg5 Nxg5 18. Nd1 Rfc8 19. Nb2 Nf4 20. Nxf4 exf4 21. f3 Nh7 22. Bf1 Nf8 23. c5 a5 24. bxa5 Ng6 25. a6 bxa6 26. c6 Be8 27. a4 Ne5 28. Kf2 Rcb8 29. Nd3 Nxd3+ 30. Bxd3 a5 31. Rab1 Rc8 32. Ke2 Kf8 33. Kd2 Ke7 34. Kc3 Kf6 35. Kd4 Ke7 36. e5 dxe5+ 37. Kxe5 g5 38. Re1 Rcb8 39. Rxb8 Rxb8 40. d6+ cxd6+ 41. Kd5+ Kd8 42. Kxd6 Bxc6 43. Kxc6 Rb4 44. Bb5 1-0

[Event "Paris-ch Blitz"]
[Site "Paris"]
[Date "2015.??.??"]
[Round "4"]
[White "Bouton, Christophe"]
[Black "Guliyev, Namig"]
[Result "1/2-1/2"]
[WhiteElo "2082"]
[BlackElo "2539"]
[PlyCount "83"]
[EventDate "2015.02.28"]
[EventType "swiss (blitz)"]
[EventRounds "9"]
[EventCountry "FRA"]
[SourceTitle "EXT 2016"]
[Source "ChessBase"]
[SourceDate "2015.10.08"]
[SourceVersion "1"]
[SourceVersionDate "2015.10.08"]
[SourceQuality "1"]

1. e4 c5 2. b3 Nc6 3. Bb2 Nf6 4. e5 Nd5 5. Nf3 g6 6. Bb5 Bg7 7. 0-0 0-0 8. Bxc6 dxc6 9. d3 Nc7 10. Nbd2 Ne6 11. Ne4 b6 12. a4 Nd4 13. Nxd4 cxd4 14. f4 c5 15. Qe2 f5 16. Ng5 h6 17. Nf3 Qd5 18. Rae1 Bb7 19. Bc1 a6 20. Bd2 b5 21. axb5 axb5 22. Ra1 Kh7 23. Rfb1 Bc6 24. Qf2 Rfd8 25. Nh4 c4 26. bxc4 bxc4 27. Bb4 Qe6 28. Bc5 Rxa1 29. Rxa1 cxd3 30. cxd3 Bb5 31. Ra7 Bxd3 32. Qg3 Be4 33. h3 d3 34. Rxe7 Qc6 35. Rxg7+ Kxg7 36. Be7 d2 37. Bf6+ Kf8 38. Qxg6 d1Q+ 39. Kh2 Qdd7 40. Qxh6+ Kf7 41. Qh5+ Ke6 42. Qg6 1/2-1/2

[Event "Small Paris-ch"]
[Site "Paris"]
[Date "2014.??.??"]
[Round "4"]
[White "Bouton, Christophe"]
[Black "Micottis, Dorian"]
[Result "0-1"]
[WhiteElo "2088"]
[BlackElo "2065"]
[PlyCount "83"]
[EventDate "2014.07.??"]
[EventType "swiss"]
[EventRounds "7"]
[EventCountry "FRA"]
[SourceTitle "EXT 2015"]
[Source "ChessBase"]
[SourceDate "2014.11.20"]
[SourceVersion "1"]
[SourceVersionDate "2014.11.20"]
[SourceQuality "1"]

1. e4 c5 2. b3 e6 3. Bb2 a6 4. f4 d5 5. Nc3 Nc6 6. Nf3 Nf6 7. e5 Nh5 8. g3 g6 9. Bg2 Be7 10. 0-0 Ng7 11. Ne2 h5 12. Rf2 Nf5 13. Bh3 b5 14. d3 Bb7 15. c4 d4 16. Bc1 Qc7 17. Bd2 Rb8 18. Bg2 Rd8 19. Ne1 Rd7 20. Be4 Nd8 21. Qc1 Nh6 22. Rf1 h4 23. Nf3 h3 24. Bxb7 Qxb7 25. Kf2 Ng4+ 26. Ke1 Kf8 27. Neg1 Kg7 28. Kd1 Nc6 29. Ke2 Bd8 30. cxb5 Qxb5 31. Qc4 Ne7 32. a4 Bb6 33. Rfc1 Nxh2 34. Ng5 Nf5 35. N1xh3 Re7 36. Be1 Ng4 37. Ng1 Nge3 38. N1f3 Rc7 39. Ne4 Ba7 40. a5 Rb8 41. Bb4 Nxg3+ 42. Nxg3 0-1

[Event "Dieppe op 09th"]
[Site "Dieppe"]
[Date "2013.08.26"]
[Round "1"]
[White "Bouton, Christophe"]
[Black "Agdestein, Simen"]
[Result "0-1"]
[WhiteElo "2114"]
[BlackElo "2567"]
[PlyCount "66"]
[EventDate "2013.08.26"]
[EventType "swiss"]
[EventRounds "9"]
[EventCountry "FRA"]
[SourceTitle "EXT 2014"]
[Source "ChessBase"]
[SourceDate "2013.11.20"]
[SourceVersion "1"]
[SourceVersionDate "2013.11.20"]
[SourceQuality "1"]

1. Nf3 d5 2. d4 Nf6 3. c4 e6 4. Nc3 Bb4 5. g3 dxc4 6. Bg2 Nc6 7. 0-0 0-0 8. e3 Rb8 9. Nd2 Na5 10. Qc2 Nd5 11. Ncb1 b5 12. b3 Ba6 13. Rd1 c5 14. Ne4 cxd4 15. bxc4 Nxc4 16. Rxd4 Qe7 17. Nbc3 Nxc3 18. Nxc3 Rfc8 19. Rb1 Nxe3 20. Bxe3 Bxc3 21. Rh4 g6 22. Qe2 Rd8 23. Rb3 Rbc8 24. h3 Bf6 25. Re4 Rc4 26. Bh6 Rdc8 27. Rxc4 bxc4 28. Rb1 Bg5 29. Bxg5 Qxg5 30. h4 Qc5 31. Rc1 Rd8 32. Qb2 Rd3 33. Kh2 c3 0-1

[Event "Paris-ch op-B 87th"]
[Site "Paris"]
[Date "2012.07.11"]
[Round "5"]
[White "Bouton, Christophe"]
[Black "Aflalo, Sophie"]
[Result "1-0"]
[WhiteElo "2092"]
[BlackElo "2046"]
[PlyCount "121"]
[EventDate "2012.07.07"]
[EventType "swiss"]
[EventRounds "9"]
[EventCountry "FRA"]
[SourceTitle "EXT 2013"]
[Source "ChessBase"]
[SourceDate "2012.11.22"]
[SourceVersion "1"]
[SourceVersionDate "2012.11.22"]
[SourceQuality "1"]

1. d4 Nf6 2. Nf3 g6 3. c4 Bg7 4. Nc3 0-0 5. e4 d6 6. Be2 e5 7. 0-0 Nc6 8. d5 Ne7 9. b4 Nh5 10. g3 f5 11. Ng5 Nf6 12. Bf3 a5 13. Ba3 Ne8 14. bxa5 Kh8 15. Ne6 Bxe6 16. dxe6 c5 17. Nd5 Rxa5 18. Bb2 Nc7 19. Bc3 Ra7 20. Rb1 Nxe6 21. Nxe7 Qxe7 22. exf5 gxf5 23. Bd5 Nd4 24. Bxd4 cxd4 25. Re1 Qc7 26. Re2 b6 27. Reb2 Ra6 28. Qf1 Qa7 29. a4 e4 30. a5 Rxa5 31. Rxb6 d3 32. Rb7 Qd4 33. Rb8 Ra2 34. Rxf8+ Bxf8 35. Qe1 d2 36. Qd1 Be7 37. Kh1 Qxf2 38. c5 dxc5 39. Bxa2 e3 40. Bc4 Bd6 41. Qe2 Bxg3 42. Qxf2 Bxf2 43. Kg2 Kg7 44. Kf3 Kg6 45. Kf4 Kf6 46. Ra1 h5 47. Ra6+ Kg7 48. Be2 h4 49. h3 Kf7 50. Kxf5 Ke7 51. Ke5 Kd7 52. Bf3 Kc7 53. Rc6+ Kd7 54. Kd5 Ke7 55. Bg4 Bg1 56. Ke4 Bf2 57. Kf4 Bg1 58. Ke4 Bf2 59. Rxc5 e2 60. Re5+ Kf6 61. Bxe2 1-0

[Event "Paris-ch op-B 87th"]
[Site "Paris"]
[Date "2012.07.10"]
[Round "4"]
[White "Jego, Eric"]
[Black "Bouton, Christophe"]
[Result "0-1"]
[WhiteElo "1951"]
[BlackElo "2092"]
[PlyCount "56"]
[EventDate "2012.07.07"]
[EventType "swiss"]
[EventRounds "9"]
[EventCountry "FRA"]
[SourceTitle "EXT 2013"]
[Source "ChessBase"]
[SourceDate "2012.11.22"]
[SourceVersion "1"]
[SourceVersionDate "2012.11.22"]
[SourceQuality "1"]

1. d4 Nf6 2. Nc3 d5 3. e4 Nxe4 4. Nxe4 dxe4 5. Bc4 Bf5 6. g4 Bg6 7. Ne2 e5 8. h4 h5 9. Be3 Nd7 10. Ng3 Nf6 11. g5 Ng4 12. Qe2 Bb4+ 13. c3 Bd6 14. 0-0-0 Qe7 15. Bd5 exd4 16. Rxd4 0-0 17. Bxe4 Bxg3 18. fxg3 Nxe3 19. Bxg6 fxg6 20. Re1 Rae8 21. Qd3 Kh7 22. g4 c5 23. Ra4 b5 24. Qxb5 Rf2 25. Qd3 Qb7 26. b3 c4 27. Qb1 Qg2 28. Qa1 Rf1 0-1

[Event "Syre Memorial op 33th"]
[Site "Issy les Moulineaux"]
[Date "2010.05.15"]
[Round "4"]
[White "Bouton, Christophe"]
[Black "Daurelle, Herve"]
[Result "0-1"]
[WhiteElo "2070"]
[BlackElo "2249"]
[PlyCount "69"]
[EventDate "2010.05.13"]
[EventType "swiss"]
[EventRounds "6"]
[EventCountry "FRA"]
[SourceTitle "EXT 2011"]
[Source "ChessBase"]
[SourceDate "2010.11.26"]
[SourceVersion "1"]
[SourceVersionDate "2010.11.26"]
[SourceQuality "1"]

1. e4 c5 2. Nf3 d6 3. Bc4 e6 4. c3 a6 5. 0-0 b5 6. Bb3 Bb7 7. Re1 Nd7 8. d3 Ngf6 9. Nbd2 Be7 10. Bc2 Qc7 11. Nf1 0-0 12. h3 Rac8 13. Bd2 Rfd8 14. Ng3 Ne5 15. Nxe5 dxe5 16. Qe2 Rd7 17. Be3 Rcd8 18. f3 g6 19. Red1 h5 20. a4 h4 21. Nh1 Nh5 22. axb5 axb5 23. Nf2 Kg7 24. b3 f5 25. b4 Ng3 26. Qe1 cxb4 27. Bb3 bxc3 28. Bxe6 Rd6 29. exf5 gxf5 30. Bb3 Rg6 31. Ra7 f4 32. Rxb7 Qxb7 33. Bc1 Qc7 34. Kh2 Bc5 35. Ne4 0-1